| 000 | 00807nam a22002297a 4500 | ||
|---|---|---|---|
| 005 | 20140813155541.0 | ||
| 008 | 120824t xxu||||| |||| 00| 0 eng d | ||
| 010 | _aB-498012-014 ENG-105628 | ||
| 020 |
_c750.00 _a9788184301267 |
||
| 035 | _aEN-89161 | ||
| 035 | _aB-498012-014 | ||
| 037 | _bDBAD/PUB | ||
| 040 |
_aDPL _bEng |
||
| 082 | _a328.54 | ||
| 100 |
_951282 _aSinghvi, L.M. |
||
| 245 |
_aParliamentary democracy in India / _cby L.M. Singhvi |
||
| 260 |
_aNew Delhi _bOcean Books _c2012 |
||
| 270 |
_a4/19 Asaf Ali Road _bNew Delhi _e110002 |
||
| 300 |
_a292p. _c24cm(Hb) |
||
| 942 |
_2ddc _cEN _mSIN _h328.54 |
||
| 999 |
_c69295 _d69295 |
||